000 006560000a22002410004500
003 LK-CoMWRAF
005 20231115111636.0
008 230817t ||||| |||| 00| 0 eng d
040 _aLK-CoMWRAF
_dLK-CoMWRAF
_eLK-CoMWRAF
041 _aeng
082 _a297.2
_bSAE
100 _aSaeed, Hazrat Maulana Ahmed
242 _aDozakh Ka Kahtka
245 _aFear of Hell
260 _aLahore:
_bBook depot,
_c[n.s.]
300 _axvi, 256 p. ; 22 cm.
_bGlossary included
650 _aSin (Islam)
650 _aReligious life -- Islam
650 _aHadith
650 _a Islam -- Doctrines
700 _aAl-Hashmi, Rahm Ali
_etrans.
942 _cBK
999 _c1389
_d1389